000 00193nam a2200085Ia 4500
008 220120s9999||||xx |||||||||||||| ||und||
100 _aKolhapure, B K
245 0 _aCivil engineering
300 _b0
999 _c136284
_d136284